书目信息 |
| 题名: |
新质生产力
|
|
| 作者: | 刘志彪 , 凌永辉 , 孙瑞东 著 | |
| 分册: | ||
| 出版信息: | 北京 机械工业出版社 2025.01 |
|
| 页数: | 14,246页 | |
| 开本: | 21cm | |
| 丛书名: | ||
| 单 册: | ||
| 中图分类: | F120.2 | |
| 科图分类: | ||
| 主题词: | 生产力--发展--研究--中国 | |
| 电子资源: | ||
| ISBN: | 978-7-111-76925-5 | |
| 000 | 01156nam0 2200265 450 | |
| 001 | 013091738 | |
| 005 | 20251022171517.16 | |
| 010 | @a978-7-111-76925-5@dCNY69.00 | |
| 100 | @a20250311d2025 em y0chiy0120 ea | |
| 101 | 0 | @achi |
| 102 | @aCN@b110000 | |
| 105 | @ay z 000yy | |
| 106 | @ar | |
| 200 | 1 | @a新质生产力@9xin zhi sheng chan li@e领航算力时代新产业新赛道@dNew quality productive forces@eleading the new industries and new tracks in the computing power era@f刘志彪,凌永辉,孙瑞东著@zeng |
| 210 | @a北京@c机械工业出版社@d2025.01 | |
| 215 | @a14,246页@d21cm | |
| 330 | @a本书围绕“如何读懂新质生产力”“如何发展新质生产力”“如何向‘新’而行,寻找企业未来蓝海新赛道”三大有关高质量发展的核心之问,帮助企业布局未来产业、找准蓝海赛道、把握增长航向。 | |
| 510 | 1 | @aNew quality productive forces@eleading the new industries and new tracks in the computing power era@zeng |
| 606 | 0 | @a生产力@x发展@x研究@y中国 |
| 690 | @aF120.2@v5 | |
| 701 | 0 | @a刘志彪@9liu zhi biao@f(1959-)@4著 |
| 701 | 0 | @a凌永辉@9ling yong hui@4著 |
| 701 | 0 | @a孙瑞东@9sun rui dong@4著 |
| 801 | 0 | @aCN@c20250909 |
| 905 | @a河南城建学院图书馆@dF120.2@eL730@ZL730@f1 | |
| 新质生产力:领航算力时代新产业新赛道=New quality productive forces:leading the new industries and new tracks in the computing power era/刘志彪,凌永辉,孙瑞东著.-北京:机械工业出版社,2025.01 |
| 14,246页;21cm |
| ISBN 978-7-111-76925-5:CNY69.00 |
| 本书围绕“如何读懂新质生产力”“如何发展新质生产力”“如何向‘新’而行,寻找企业未来蓝海新赛道”三大有关高质量发展的核心之问,帮助企业布局未来产业、找准蓝海赛道、把握增长航向。 |
| ● |
| 相关链接 |
|
|
|
正题名:新质生产力
索取号:F120.2/L730
 
预约/预借
| 序号 | 登录号 | 条形码 | 馆藏地/架位号 | 状态 | 备注 |
| 1 | 1632601 | 216326018 | 社科库409/409社科库 67排4列4层/ [索取号:F120.2/L730] | 在馆 |